000 00892nam a2200253 a 4500
001 57073
003 BD-RjUL
005 20211209080450.0
008 161205s1972 ja a 001 0 eng
020 _a0870111833
035 _a(BD-RjUL)
040 _aDLC
_cDLC
_dDLC
_beng
041 1 _aeng
_hjpn
082 0 0 _a200.952
_223
_bJAP 1972
245 0 1 _aJapanese religion :
_bA survey by the Agency for Cultural Affairs /
_c[Contributors: Arai Ken and others. Translators: Abe Yoshiya and David Reid. Editors: Hori Ichiro and others]
260 _aTokyo;
_aPalo Alto [Calif.] :
_bKodansha International,
_c1971 [Reprinted1972]
300 _a272 p. :
_billus. ;
_c22 cm.
500 _aText on lining papers.
651 0 _aJapan
_xReligion.
_9169354
700 1 _aHori, Ichirō,
_d1910-1974,
_eed.
_9169554
710 1 _aJapan.
_bBunkachō.
_9169555
942 _2ddc
_cBK
999 _c57073
_d57073